Click to Build the Map of Europe - No Mercy! - Statistics

General Stats
  • This quiz has been taken 171 times
  • The average score is 16 of 44
Answers on the Map
Answers color-coded by a green-red scale on the quiz's map according to % correct below.
 
Answer Stats
Answer % Correct
Russia
100%
Finland
90%
Ukraine
89%
Poland
75%
Belarus
70%
Germany
65%
Romania
63%
Norway
62%
Czech Republic
60%
Denmark
52%
France
52%
Spain
51%
Belgium
49%
Netherlands
49%
Switzerland
49%
Sweden
46%
Moldova
43%
Italy
41%
Portugal
41%
Slovakia
41%
Bulgaria
40%
Hungary
38%
Greece
30%
Latvia
30%
Serbia
29%
Slovenia
29%
Kosovo
25%
Luxembourg
22%
Albania
21%
Ireland
17%
Monaco
17%
Montenegro
17%
United Kingdom
17%
Bosnia and Herzegovina
11%
Andorra
11%
Estonia
11%
North Macedonia
11%
Lithuania
3%
Austria
2%
Croatia
2%
Liechtenstein
2%
Malta
2%
San Marino
2%
Vatican City
2%
No matching quizzes found
Score Distribution
Percent of People with Each Score
Percentile by Number Answered
Your Score History
You have not taken this quiz